000 00818nam a2200217 a 4500
001 BRCA_1256
005 20190320203342.0
008 920122s1984 mx-a---##b---#000-0#spa-d
020 _a9682902851
040 _aDLC
_cDLC
_dDLC
050 4 _aND635
_b.P56 1984
245 1 0 _aPintura y tapices flamencos
_ctextos Graciela Reyes Retana ... [et al.].
260 _aMéxico
_bMuseo de San Carlos
_c1984
300 _a180 p.
_bil. (algunas a color)
_c22 cm.
500 _aCatálogo de la exposición realizada en el Museo de San Carlos (Ciudad de México), junio - septiembre, 1984
504 _aBibliografía : p. 176-179
650 1 4 _aPintura flamenca
_vExposiciones
_ySiglo XVI
_94140
650 1 4 _aTapicería
_vExposiciones
_xHistoria
_ySiglo XVI
_zFlandes
_94141
700 1 _aReyes Retana, Graciela
_94142
942 _2lcc
_cB
999 _c1126
_d1126